Statistiche per Vincitrici Coppa del Mondo di sci alpino - Donne

Clicka qui per fare il quiz!

Statistiche generali

  • Questo quiz è stato fatto 6 volte
  • Il punteggio medio è 20 su 57

Statistiche sulle risposte

StagioneNazioneVincitrice% Corretto
2019/2020ItaliaFederica Brignone
100%
2008/2009Stati UnitiLindsey Vonn
100%
2007/2008Stati UnitiLindsey Vonn
100%
2011/2012Stati UnitiLindsey Vonn
100%
2009/2010Stati UnitiLindsey Vonn
100%
2017/2018Stati UnitiMikaela Shiffrin
100%
2018/2019Stati UnitiMikaela Shiffrin
100%
2022/2023Stati UnitiMikaela Shiffrin
100%
2016/2017Stati UnitiMikaela Shiffrin
100%
2021/2022Stati UnitiMikaela Shiffrin
100%
2015/2016SvizzeraLara Gut
83%
2020/2021SlovacchiaPetra Vlhová
83%
2005/2006CroaziaJanica Kostelić
50%
2000/2001CroaziaJanica Kostelić
50%
2002/2003CroaziaJanica Kostelić
50%
2012/2013SloveniaTina Maze
50%
2004/2005SveziaAnja Pärson
33%
2003/2004SveziaAnja Pärson
33%
2013/2014AustriaAnna Fenninger
33%
2014/2015AustriaAnna Fenninger
33%
1972/1973AustriaAnnemarie Moser-Pröll
33%
1970/1971AustriaAnnemarie Moser-Pröll
33%
1971/1972AustriaAnnemarie Moser-Pröll
33%
1978/1979AustriaAnnemarie Moser-Pröll
33%
1974/1975AustriaAnnemarie Moser-Pröll
33%
1973/1974AustriaAnnemarie Moser-Pröll
33%
1981/1982SvizzeraErika Hess
17%
1983/1984SvizzeraErika Hess
17%
1977/1978LiechtensteinHanni Wenzel
17%
1979/1980LiechtensteinHanni Wenzel
17%
1995/1996GermaniaKatja Seizinger
17%
1997/1998GermaniaKatja Seizinger
17%
2010/2011GermaniaMaria Riesch
17%
1985/1986SvizzeraMaria Walliser
17%
1986/1987SvizzeraMaria Walliser
17%
2001/2002AustriaMichaela Dorfmeister
17%
1987/1988SvizzeraMichela Figini
17%
1984/1985SvizzeraMichela Figini
17%
1966/1967CanadaNancy Greene
17%
1967/1968CanadaNancy Greene
17%
1996/1997SveziaPernilla Wiberg
17%
1975/1976Germania OvestRosi Mittermaier
17%
1982/1983Stati UnitiTamara McKinney
17%
1994/1995SvizzeraVreni Schneider
17%
1993/1994SvizzeraVreni Schneider
17%
1988/1989SvizzeraVreni Schneider
17%
1998/1999AustriaAlexandra Meissnitzer
0%
1992/1993AustriaAnita Wachter
0%
1968/1969AustriaGertrud Gabl
0%
1976/1977SvizzeraLise-Marie Morerod
0%
1980/1981SvizzeraMarie-Theres Nadig
0%
1969/1970FranciaMichèle Jacot
0%
2006/2007AustriaNicole Hosp
0%
1989/1990AustriaPetra Kronberger
0%
1990/1991AustriaPetra Kronberger
0%
1991/1992AustriaPetra Kronberger
0%
1999/2000AustriaRenate Götschl
0%

Distribuzione punteggi

Percentile per numero di risposta

Percentuale di utenti per punteggio

I tuoi punteggi nel tempo

Non hai fatto questo quiz